|
|
|
|
| LEADER |
00000nam0a2200000 4500 |
| 001 |
195180 |
| 005 |
20231101224617.0 |
| 035 |
|
|
|a (RuTPU)RU\TPU\book\212914
|
| 035 |
|
|
|a RU\TPU\tpu\228
|
| 090 |
|
|
|a 195180
|
| 100 |
|
|
|a 20110504d1904 k y0rusy50 ca
|
| 101 |
0 |
|
|a rus
|
| 102 |
|
|
|a RU
|
| 105 |
|
|
|a y j 000zy
|
| 200 |
1 |
|
|a Интегральное исчисление
|e составлено по лекциям, читанным в 1903-1904 уч. году профессором Ф. Э. Молиным
|f Ф. (Т.) Э. Молин
|g Томский технологический институт (ТТИ) Императора Николая II
|
| 210 |
|
|
|a Томск
|c Типо-литография М. Н. Кононова
|d 1904
|
| 215 |
|
|
|a 256 с.
|
| 300 |
|
|
|a Литогр. изд.
|
| 300 |
|
|
|a Текст в русской дореформенной орфографии
|
| 316 |
|
|
|5 63413507: ШкА/135
|a Владельческий переплет ТТИ
|
| 316 |
|
|
|5 63413507: ШкА/135
|a После с. 232 нарушена пагинация, сразу идет с. 241
|
| 517 |
1 |
|
|a Интегральное исчисленiе
|z chu
|
| 606 |
1 |
|
|a Интегральное исчисление
|2 stltpush
|3 (RuTPU)RU\TPU\subj\12773
|9 39494
|
| 610 |
1 |
|
|a математика
|
| 610 |
1 |
|
|a учебные пособия
|
| 610 |
1 |
|
|a труды учёных ТПУ
|
| 610 |
1 |
|
|a коллекция ТПУ
|
| 610 |
1 |
|
|a владельческие знаки
|
| 610 |
1 |
|
|a интегралы
|
| 610 |
1 |
|
|a кривые
|
| 610 |
1 |
|
|a функции
|
| 610 |
1 |
|
|a суммы
|
| 610 |
1 |
|
|a примеры
|
| 610 |
1 |
|
|a графики
|
| 675 |
|
|
|a 517.3(075.8)
|v 3
|
| 700 |
|
1 |
|a Молин
|b Ф. (Т.) Э.
|c российский математик
|c профессор Томского технологического института (1900-1941)
|f 1861-1941
|g Федор (Теодор) Эдуардович
|2 stltpush
|3 (RuTPU)RU\TPU\pers\21843
|
| 712 |
0 |
2 |
|a Томский технологический институт (ТТИ)
|c (1896-1923)
|2 stltpush
|3 (RuTPU)RU\TPU\col\9244
|
| 801 |
|
0 |
|a RU
|b 63413507
|c 20011210
|g PSBO
|
| 801 |
|
2 |
|a RU
|b 63413507
|c 20190531
|g PSBO
|
| 942 |
|
|
|c BK
|